000
00299nam a2200121Ia 4500
008
150731s2014 xx 000 0 und d
082
_a
615.538
_b
A 14 K
100
_a
KUNTE ANNA MORESHRAR
245
_a
ASHTAD HARDYAM
260
_b
CHAUKHAMBHA PUB. NEW DELHI
_c
2014
300
_a
950
942
_2
ddc
_c
BK
999
_c
7723
_d
7723